000 01781nam a22001577a 4500
041 _aukr
080 _a09
090 _bХАБ
100 _aХабета І. М.
245 _aПроект антиутопії в романі Маргарет Етвуд "Призначена бути матір"ю"
260 _aОстрог
_bКАФ
_c2007
300 _a66
520 _aВступ Розділ 1 Формально-стильові особливості утопії та антиутопії у світовій літературі 1.1 Жанр утопії, характеристика утопічної свідомості персонажа 1.2 Антиутопія та проблема визначення терміну 1.3 Історична пардигма розвитку антиутопії 1.4 Художньо-ідеологічна природа антиутопічної літератури Розділ 2 Художня реалізація антиутопічної свідомості у романі Маргарет Етвуд "Призначена бути матір"ю" 2.1 Напрями творчої діяльності письменниці 2.2 Сюжетно-фабульна осонова роману "Призначена бути матір"ю" 2.3 Біблійні алюзії як сюжетотворчий чинник роману 2.4 Тоталітарний стереотип жінки 2.5 Ідейне навантаження присвяти та епіграфів твору 2.6 Порівняльний аналіз композиції антиутопії Висновки
_0Утопія, антиутопія, М.Етвуд, біблійні алюзії
650 _aResearch Papers
999 _c283965
_d283965
942 _cBK